| 000 | 00326 a2200133 4500 | ||
|---|---|---|---|
| 001 | 63661 | ||
| 082 | _a629.1323 HOU | ||
| 090 |
_c37662 _d37662 |
||
| 100 | _aHoughton E.N | ||
| 245 |
_aAerodynamics of Engineering Students _hEnglish |
||
| 250 | _a3rd Edition | ||
| 260 |
_aLondon _bEdward Arnold _c1982 |
||
| 300 | _b596p | ||
| 942 |
_aNUST-CAE _k629.1323 HOU |
||
| 999 |
_c298734 _d298734 |
||